Т. 3: Оптика, атомная физика, физика атомного ядра и элементарных частиц; Курс общей физики

Detalles Bibliográficos
Parent link:Курс общей физики: Учебное пособие для втузов/ И. В. Савельев. Т. 3: Оптика, атомная физика, физика атомного ядра и элементарных частиц.— 4-е изд., стер..— , 1970-
Idioma:ruso
Publicado: 1973
Subjects:
Formato: MixedMaterials Libro
KOHA link:https://koha.lib.tpu.ru/cgi-bin/koha/opac-detail.pl?biblionumber=52924

MARC

LEADER 00000nam2a2200000 4500
001 52924
005 20231101211408.0
035 |a (RuTPU)RU\TPU\book\55498 
035 |a RU\TPU\book\55493 
090 |a 52924 
100 |a 20030609d1973 m y0rusy50 ca 
101 0 |a rus 
102 |a RU 
105 |a a j 001zy 
200 0 |a Т. 3: Оптика, атомная физика, физика атомного ядра и элементарных частиц 
210 |d 1973 
215 |a 528 с.  |c ил. 
320 |a Предм. указ.: с. 522-528 
461 1 |0 (RuTPU)RU\TPU\book\55490  |t Курс общей физики  |o Учебное пособие для втузов  |f И. В. Савельев  |v Т. 3: Оптика, атомная физика, физика атомного ядра и элементарных частиц  |e 4-е изд., стер.  |d 1970- 
606 1 |a Физика  |2 stltpush  |3 (RuTPU)RU\TPU\subj\63709  |9 80688 
610 1 |a учебные пособия 
610 1 |a оптика 
610 1 |a атомная физика 
610 1 |a элементарные частицы 
610 1 |a твердые тела 
675 |a 53(075.8)  |v 3 
801 1 |a RU  |b 63413507  |c 20030609  |g PSBO 
801 2 |a RU  |b 63413507  |c 20191217  |g PSBO 
942 |c BK